| 000 | 00473nam a2200181Ia 4500 | ||
|---|---|---|---|
| 008 | 231221s9999 xx 000 0 und d | ||
| 041 | _aEnglish | ||
| 082 | _a658.8094794 SHA;1 R | ||
| 100 | _aKrupa Shankar, M | ||
| 245 | 0 | _aMarketing for hotel management | |
| 250 | _a1st ed | ||
| 260 |
_c1994 _bUnited Publishers _aMangalore |
||
| 300 | _a178 | ||
| 500 | _aE-509 | ||
| 650 | _aHotel management-Marketing | ||
| 650 | _aHotel management-Marketing | ||
| 942 | _cHM | ||
| 999 |
_c207567 _d207567 |
||